| 000 | 00715nam a2200193 a 4500 | ||
|---|---|---|---|
| 003 | 0 | ||
| 005 | 20250408115006.0 | ||
| 008 | 071121s19uu xx 00 eng d | ||
| 050 |
_aPHS BF 698.95 _b.F66 2007 |
||
| 100 | _aFlores, Kim Trizia F. | ||
| 245 |
_aThe effects of classical music on the math aptitude of Southville International School and Colleges students / _cKim Trizia F. Flores. |
||
| 260 |
_aLas PiƱas City, Philippines : _bSouthville International School and Colleges, _c2007. |
||
| 300 |
_a32 pages ; _c28 cm. |
||
| 504 | _aIncludes bibliographical references. | ||
| 650 |
_aStudents _xEffect of music on. |
||
| 650 | _aCognition and music. | ||
| 650 | _aMusic in education. | ||
| 942 |
_2lcc _cPASS |
||
| 999 |
_c97822 _d97822 |
||